Central Library OPAC University of Rajshahi

Thermodynamics for chemical engineers / (Record no. 17270)

MARC details
000 -LEADER
fixed length control field 00864nam a22002891 4500
001 - CONTROL NUMBER
control field 17270
003 - CONTROL NUMBER IDENTIFIER
rucl marc code BD-RjUL
005 - DATE AND TIME OF LATEST TRANSACTION
control field 20211209000119.0
008 - FIXED-LENGTH DATA ELEMENTS--GENERAL INFORMATION
fixed length control field 140216s1957 nyua 001 0 eng
035 ## - SYSTEM CONTROL NUMBER
System control number (BD-RjUL)17328
System control number (OCoLC)2004984
040 ## - CATALOGING SOURCE
Original cataloging agency DLC
Transcribing agency OClU
Modifying agency BD-RjUL
Language of cataloging eng
041 ## - LANGUAGE CODE
Language code of text/sound track or separate title eng
082 ## - DEWEY DECIMAL CLASSIFICATION NUMBER
Classification number 536.7
Author mark and year WET 1957
100 1# - MAIN ENTRY--PERSONAL NAME
Personal name Weber, Harold C.
Fuller form of name (Harold Christian),
Dates associated with a name 1895-
9 (RLIN) 53249
245 10 - TITLE STATEMENT
Title Thermodynamics for chemical engineers /
Statement of responsibility, etc. Harold C. Weber and Herman P. Meissner.
250 ## - EDITION STATEMENT
Edition statement 2d ed.
260 ## - PUBLICATION, DISTRIBUTION, ETC. (IMPRINT)
Place of publication, distribution, etc. New York :
Name of publisher, distributor, etc. Wiley,
Date of publication, distribution, etc. c1957.
300 ## - PHYSICAL DESCRIPTION
Pagination vi, 507 p. :
Illustrations illus. ;
Size 22 cm.
504 ## - BIBLIOGRAPHY, ETC. NOTE
Bibliography, etc Include index.
650 #0 - SUBJECT ADDED ENTRY--TOPICAL TERM
Topical term or geographic name as entry element Thermodynamics.
9 (RLIN) 53250
Topical term or geographic name as entry element Chemical engineering.
9 (RLIN) 53251
700 1# - ADDED ENTRY--PERSONAL NAME
Personal name Meissner, Herman P.
Relator term joint author.
942 ## - ADDED ENTRY ELEMENTS (KOHA)
Source of classification or shelving scheme Dewey Decimal Classification
Koha item type Books
Holdings
Lost status Source of classification or shelving scheme Damaged status Not for loan Collection code Permanent Location Current Location Shelving location Date acquired Source of acquisition Cost, normal purchase price Total Checkouts Full call number Date last seen Copy number Koha item type
  Dewey Decimal Classification     Non-fiction Central Library, University of Rajshahi Central Library, University of Rajshahi   28/01/2067 Mirza book age. 21.75   536.7 WET 1957 16/02/2014 C-2 Books
  Dewey Decimal Classification   Not For Loan Non-fiction Central Library, University of Rajshahi Central Library, University of Rajshahi Reading Room 28/01/1967 Zetlinger 27.75   536.7 WET 1957 25/03/2017 C-1 Books
  Dewey Decimal Classification     Non-fiction Central Library, University of Rajshahi Central Library, University of Rajshahi   24/08/1973 B24366 42.75   536.7 WET 1957 13/11/2019 C-3 Books
  Dewey Decimal Classification     Non-fiction Central Library, University of Rajshahi Central Library, University of Rajshahi   24/08/1973 A29720 42.75   536.7 WET 1957 13/11/2019 C-4 Books
  Dewey Decimal Classification     Non-fiction Central Library, University of Rajshahi Central Library, University of Rajshahi   28/01/1967 Mirza Book Agency 21.75   536.7 WET 1957 13/11/2019 C-5 Books